Statistiques concernant Mots en sandwich #3

Cliquez ici pour prendre le quiz!

Statistiques générales

  • Ce quiz a été pris 12 559 fois
  • Le résultat moyen est 8 sur 18

Statistiques - réponses

Mot1Réponsemot2% Correct
Bonne...étoile...filante
92%
Gel...douche...froide
82%
Doubler la...mise...en plis
73%
Lancer de...poids...plume
67%
Couvre...chef...de gare
66%
Prix d'...appel...d'urgence
54%
A votre...service...militaire
50%
Faux...pas...chassé
43%
Faire son...trou...normand
42%
Maître...chien...de fusil
40%
Panne de...moteur...à explosion
35%
Papier...toilette...de chat
30%
Mise en...bière...blonde
28%
Sous...vide...sidéral
27%
Petit...pois...de senteur
20%
Dernier...acte...manqué
18%
Poudre de...riz...au lait
13%
Mauvaise...chute...d'eau
5%

Distribution des résultats

Percentile par nombre de réponses

% des personnes avec chaque résultat

Votre développement - résultats

Vous n’avez pas pris ce quiz